[Event "ICS rated blitz match"]
[Site "204.178.125.65"]
[Date "2000.05.26"]
[Round "?"]
[White "QueenMaxima"]
[Black "Hossa"]
[Result "1-0"]
[WhiteElo "2593"]
[BlackElo "2534"]
[PlyCount "153"]
[EventDate "2000.??.??"]

1. d4 Nf6 2. c4 e6 3. Nf3 Bb4+ 4. Bd2 a5 5. Nc3 d5 6. e3 Nc6 7. Bd3 dxc4 8.
Bxc4 O-O 9. O-O b6 10. Rc1 Bb7 11. Qc2 Be7 12. a3 Qd7 13. Bb5 Qd8 14. Ne4 Nxe4
15. Qxe4 Na7 16. Qxb7 Nxb5 17. Qc6 Na7 18. Qxc7 Qxc7 19. Rxc7 Bd6 20. Rd7 Nc8
21. e4 Bb8 22. Ne5 Nd6 23. f3 b5 24. Rc1 Re8 25. Rc6 f6 26. Ng4 Nf7 27. Rb6 f5
28. exf5 exf5 29. Rbb7 Rf8 30. Nh6+ gxh6 31. Bxh6 Bd6 32. Bxf8 Rxf8 33. Rxb5 f4
34. Rd5 Rc8 35. Rf5 Rf8 36. Rxa5 Kg7 37. Ra6 Kg8 38. Rdxd6 Nxd6 39. Rxd6 Rb8
40. b4 Ra8 41. Rf6 Rxa3 42. Rxf4 Rb3 43. d5 Rd3 44. Rf5 Rb3 45. Re5 Rxb4 46.
Re7 Rd4 47. Rd7 Rd2 48. f4 Rd4 49. g3 Rd2 50. h3 Rc2 51. d6 Rd2 52. f5 h6 53.
f6 Kf8 54. Kf1 h5 55. Kg1 Rd3 56. Kg2 Rd1 57. h4 Rd5 58. Kg1 Rd1+ 59. Kf2 Rd5
60. Ke3 Re5+ 61. Kf4 Rd5 62. Ke4 Rd1 63. Ke5 Re1+ 64. Kf5 Re3 65. Rc7 Rf3+ 66.
Ke4 Rxf6 67. Rc8+ Kf7 68. d7 Rd6 69. d8=Q Rxd8 70. Rxd8 Kg7 71. Kf5 Kf7 72.
Rd7+ Ke8 73. Ke6 Kf8 74. Kf6 Kg8 75. Rd6 Kh7 76. Rd8 Kh6 77. Rh8# {
Hossa checkmated} 1-0

[Event "ICS rated blitz match"]
[Site "204.178.125.65"]
[Date "2000.05.26"]
[Round "?"]
[White "Hossa"]
[Black "JZInsomniac"]
[Result "0-1"]
[WhiteElo "2521"]
[BlackElo "2816"]
[PlyCount "156"]
[EventDate "2000.??.??"]

1. e4 c5 2. c3 Nf6 3. e5 Nd5 4. Nf3 Nc6 5. Bc4 Nb6 6. Be2 d5 7. d4 cxd4 8. cxd4
f6 9. Nc3 fxe5 10. dxe5 e6 11. Bg5 Be7 12. Bxe7 Qxe7 13. O-O O-O 14. Bd3 Nb4
15. Rc1 Nxd3 16. Qxd3 Bd7 17. Ne2 Be8 18. Ned4 Bg6 19. Qa3 Qxa3 20. bxa3 Rae8
21. Ng5 Bf5 22. Rc7 h6 23. Ngf3 Bd3 24. Rfc1 Rf7 25. R7c3 Bc4 26. R3c2 Rf4 27.
h3 Re4 28. Nb3 Rc8 29. Nbd4 Kf7 30. g3 Rf8 31. Kg2 Nd7 32. Rb2 Rb8 33. Rcb1 b6
34. Nc6 Ra8 35. Rc1 Ba6 36. Rbb1 Be2 37. Nd2 Ra4 38. Rb3 Rc8 39. Re3 Bb5 40.
Rf3+ Ke8 41. Nxa7 Rxc1 42. Nxb5 Ke7 43. Nb3 Re1 44. Rf4 Rc4 45. Nd6 Rxf4 46.
gxf4 g5 47. Nc8+ Kd8 48. Na7 gxf4 49. Nd4 Nc5 50. Nc2 Re2 51. Nc6+ Kd7 52. N6d4
Rd2 53. h4 Nd3 54. Nb4 Rxf2+ 55. Kg1 Rd2 56. Nf3 Rd1+ 57. Kg2 Nxb4 58. axb4 d4
59. Kf2 d3 60. a4 Rb1 61. b5 Ra1 62. Nd2 Ra2 63. Ke1 Rxa4 64. Kf2 Ra2 65. Ke1
Ke7 66. h5 Kf7 67. Nf3 Re2+ 68. Kd1 Re3 69. Nd4 f3 70. Kd2 f2 71. Kxe3 f1=Q 72.
Nc6 Qe2+ 73. Kf4 d2 74. Nd8+ Kg8 75. Nxe6 d1=Q 76. Kf5 Qxh5+ 77. Ng5 Qdg4+ 78.
Kf6 Qhxg5# {Hossa checkmated} 0-1

[Event "ICS rated blitz match"]
[Site "204.178.125.65"]
[Date "2000.05.26"]
[Round "?"]
[White "Hossa"]
[Black "QueenMaxima"]
[Result "1-0"]
[WhiteElo "2516"]
[BlackElo "2578"]
[PlyCount "159"]
[EventDate "2000.??.??"]

1. d4 Nf6 2. c4 e6 3. Nf3 c5 4. g3 cxd4 5. Nxd4 Qc7 6. e3 Bc5 7. Nc3 O-O 8.
Ncb5 Qb6 9. Nb3 Nc6 10. Nxc5 Qxc5 11. b3 d5 12. Ba3 Nb4 13. Bb2 Bd7 14. Bxf6
gxf6 15. Nc3 Bc6 16. a3 d4 17. axb4 Qxb4 18. Qxd4 e5 19. Qg4+ Kh8 20. Rc1 Rg8
21. Qf5 Bxh1 22. Qxf6+ Rg7 23. Qxe5 Qxb3 24. Bd3 Rd8 25. Rd1 Qb2 26. Qf6 Re8
27. Kf1 Bc6 28. Rb1 Qa3 29. Qd4 Re6 30. Nd5 Qd6 31. Bf5 Rh6 32. Kg1 a5 33. e4
Qd8 34. Bg4 f6 35. Bf5 Rg8 36. Rd1 b5 37. cxb5 Bxb5 38. Qc5 Qe8 39. Rd2 Ba4 40.
Qxa5 Qc6 41. Re2 Bb5 42. Re1 Qa6 43. Qd2 Rg5 44. Qb4 Rh4 45. Nc7 Qb6 46. Nxb5
Rxh2 47. Re3 Rhh5 48. Rd3 Qa6 49. Qb3 Rg8 50. Nd6 Rg7 51. Be6 h6 52. Nf7+ Kh7
53. Rd2 Rb5 54. Bf5+ Rxf5 55. exf5 Qa7 56. Nd6 Re7 57. Qa2 Qc5 58. Kh2 Qc6 59.
Qa3 h5 60. f3 Rd7 61. Kh3 Kh8 62. Kh4 Re7 63. Kxh5 Rg7 64. g4 Qc7 65. Kh4 Rh7+
66. Kg3 Rd7 67. f4 Qb8 68. g5 Qf8 69. Rh2+ Rh7 70. Nf7+ Kg8 71. Nh6+ Kg7 72.
gxf6+ Qxf6 73. Qa7+ Kf8 74. Qb8+ Ke7 75. Ng8+ Kf7 76. Rxh7+ Qg7+ 77. Rxg7+ Kxg7
78. Qe8 Kh7 79. Qf8 Kh8 80. Nf6# 1-0

[Event "ICS rated blitz match"]
[Site "204.178.125.65"]
[Date "2000.05.26"]
[Round "?"]
[White "PostModernist"]
[Black "Hossa"]
[Result "1-0"]
[WhiteElo "2646"]
[BlackElo "2535"]
[PlyCount "111"]
[EventDate "2000.??.??"]

1. d4 Nf6 2. c4 e6 3. g3 c5 4. d5 exd5 5. cxd5 Qa5+ 6. Bd2 Qb6 7. Nc3 Be7 8.
Qb1 O-O 9. Bg2 Na6 10. Nh3 c4 11. O-O Nc5 12. Ng5 d6 13. Be3 Qc7 14. Nb5 Qd7
15. Bd4 g6 16. Nc3 Qc7 17. Qc1 Bd7 18. Nf3 Rfe8 19. Qh6 Bf8 20. Qh4 Nh5 21. g4
Be7 22. g5 Bf8 23. Nd2 b5 24. Bf3 b4 25. Nd1 Bb5 26. Ne3 c3 27. bxc3 bxc3 28.
Bxc3 Bg7 29. Bxg7 Nxg7 30. Ng4 Nh5 31. Nh6+ Kf8 32. Bxh5 gxh5 33. Qd4 Qb7 34.
Rfb1 Rxe2 35. Nc4 Ne4 36. Nf5 f6 37. f3 Nd2 38. Nxd2 Re5 39. Nxd6 Qxd5 40. Nxb5
Qxd4+ 41. Nxd4 fxg5 42. Rb7 Re7 43. Rxe7 Kxe7 44. Ne4 h6 45. Rc1 Kf7 46. Rc7+
Kg6 47. Rc6+ Kf7 48. Rxh6 Rb8 49. Nxg5+ Kg8 50. Nde6 Rb7 51. Rf6 Rb1+ 52. Kf2
Rb2+ 53. Ke3 Rb8 54. Rg6+ Kh8 55. Nf7+ Kh7 56. Rg7# {Hossa checkmated} 1-0

[Event "ICS rated blitz match"]
[Site "204.178.125.65"]
[Date "2000.05.26"]
[Round "?"]
[White "Hossa"]
[Black "PostModernist"]
[Result "0-1"]
[WhiteElo "2524"]
[BlackElo "2657"]
[PlyCount "103"]
[EventDate "2000.??.??"]

1. d4 Nf6 2. c4 c5 3. d5 g6 4. Nc3 Bg7 5. Nf3 d6 6. Bf4 O-O 7. e3 Nh5 8. Bg5 h6
9. Bh4 g5 10. Nd2 Bxc3 11. bxc3 Nf6 12. Bg3 Bf5 13. Qb3 b6 14. Be2 Qe8 15. h4
g4 16. Bf4 Kg7 17. h5 e5 18. Bg3 Kh8 19. a3 Rg8 20. O-O-O Rg7 21. Qb2 Qg8 22.
Rde1 Qh7 23. Bd1 Nbd7 24. Ba4 Be4 25. Bc6 Rc8 26. Reg1 Bd3 27. Bh4 Qf5 28. f3
gxf3 29. gxf3 Rxg1+ 30. Rxg1 Rg8 31. Rh1 Rg2 32. e4 Qf4 33. Bxd7 Nxd7 34. Be7
Qe3 35. Rd1 Be2 36. Re1 Rg1 37. Bh4 Rxe1+ 38. Bxe1 Bd3 39. Qb3 Qxe1+ 40. Qd1
Qxd1+ 41. Kxd1 Nf6 42. Ke1 Nxh5 43. Kf2 Nf4 44. Ke3 h5 45. Kf2 h4 46. Kg1 Ne2+
47. Kg2 Nxc3 48. f4 exf4 49. e5 dxe5 50. Kh3 Nb1 51. Nf3 e4 52. Ne5 {
Hossa resigns} 0-1

[Event "ICS rated blitz match"]
[Site "204.178.125.65"]
[Date "2000.05.26"]
[Round "?"]
[White "PostModernist"]
[Black "Hossa"]
[Result "1-0"]
[WhiteElo "2667"]
[BlackElo "2514"]
[PlyCount "59"]
[EventDate "2000.??.??"]

1. e4 c5 2. c3 Nf6 3. e5 Nd5 4. d4 d6 5. Nf3 cxd4 6. cxd4 Nc6 7. Nc3 dxe5 8.
dxe5 Ndb4 9. a3 Qxd1+ 10. Kxd1 Na6 11. b4 Nc7 12. b5 Na5 13. Be3 Bg4 14. Bxa7
Nb3 15. Rb1 Rxa7 16. b6 Rxa3 17. bxc7 Kd7 18. Nb5 Ra1 19. Rxa1 Nxa1 20. Bc4 g5
21. Ke2 Bg7 22. Rxa1 Bxe5 23. Rd1+ Kc8 24. Bxf7 Bf4 25. h3 Bd7 26. Nfd4 Rf8 27.
Be6 Bd6 28. Ra1 Bxc7 29. Rc1 Kb8 30. Rxc7 {Hossa resigns} 1-0

[Event "ICS rated blitz match"]
[Site "204.178.125.65"]
[Date "2000.05.26"]
[Round "?"]
[White "PostModernist"]
[Black "Hossa"]
[Result "1-0"]
[WhiteElo "2685"]
[BlackElo "2496"]
[PlyCount "115"]
[EventDate "2000.??.??"]

1. d4 Nf6 2. c4 d6 3. Nc3 Bf5 4. Bg5 Nbd7 5. f3 h6 6. Bh4 Bg6 7. Qb3 b6 8. Qa4
Bh7 9. O-O-O e6 10. Bxf6 gxf6 11. e4 h5 12. f4 Bh6 13. g3 a6 14. Bg2 Ra7 15.
Nge2 Bg7 16. e5 O-O 17. Nb5 axb5 18. Qxa7 fxe5 19. cxb5 e4 20. Nc3 d5 21. h3 f5
22. Rhe1 Nf6 23. Qa4 Qe7 24. Kb1 Bh8 25. Rc1 Ne8 26. h4 Nd6 27. Rcd1 Qg7 28.
Bh3 Re8 29. Qb4 Ra8 30. Na4 Ra5 31. Bf1 Qxg3 32. Nxb6 Ra7 33. Qc5 Rb7 34. Na8
Qxh4 35. b6 Qd8 36. bxc7 Rxc7 37. Nxc7 Qd7 38. Be2 h4 39. Rg1+ Kf8 40. Bb5 Qe7
41. Be8 Bg7 42. Bh5 Bf6 43. Qc6 Bg8 44. a4 Bf7 45. Bxf7 Kxf7 46. a5 Nc4 47. a6
Na5 48. Qa8 Qxc7 49. a7 Ke7 50. Qb8 Qc6 51. Rg6 Nc4 52. a8=Q Qxa8 53. Qc7+ Kf8
54. Rxf6+ Ke8 55. Rxe6+ Kf8 56. Qe7+ Kg8 57. Rg1+ Kh8 58. Qxh4# {
Hossa checkmated} 1-0

[Event "ICS rated blitz match"]
[Site "204.178.125.65"]
[Date "2000.05.26"]
[Round "?"]
[White "QueenMaxima"]
[Black "Hossa"]
[Result "1-0"]
[WhiteElo "2572"]
[BlackElo "2488"]
[PlyCount "129"]
[EventDate "2000.??.??"]

1. e4 d6 2. d4 Nf6 3. Nc3 Bg4 4. Nf3 e6 5. Be2 Nfd7 6. O-O Be7 7. Be3 Na6 8.
Bxa6 bxa6 9. h3 Bxf3 10. Qxf3 Qb8 11. Rab1 Qb7 12. d5 e5 13. Qg4 g5 14. Qf5 h6
15. a3 Nb6 16. Qf3 Nc4 17. Bc1 Nb6 18. Na2 Bd8 19. Nb4 Na4 20. Nc6 Be7 21. b3
Nc5 22. Be3 Nd7 23. c4 Bf8 24. Qg4 Bg7 25. Rfd1 Bf6 26. Kh2 Bg7 27. Na5 Qc8 28.
Qf5 Nf6 29. Nc6 Qxf5 30. exf5 Ng8 31. g4 Ne7 32. Nxa7 h5 33. Kg2 Bf6 34. f3 Kd7
35. b4 Rhb8 36. c5 hxg4 37. hxg4 Rh8 38. Rbc1 Kd8 39. cxd6 cxd6 40. b5 axb5 41.
Bb6+ Kd7 42. Rc7+ Ke8 43. Nxb5 Kf8 44. Nxd6 Rxa3 45. Nc4 Ra2+ 46. Bf2 Ra6 47.
Rd2 Kg7 48. Bg3 Rd8 49. Rc5 Re8 50. d6 Rc6 51. d7 Rd8 52. Rxc6 Nxc6 53. Rd6 Nb8
54. Nb6 e4 55. fxe4 Rf8 56. Nd5 Nxd7 57. Nxf6 Nc5 58. Be5 Rc8 59. Nd7+ Kh7 60.
Rd1 Rc6 61. Rh1+ Rh6 62. Rxh6+ Kxh6 63. Nxc5 Kh7 64. Bf6 Kg8 65. Nb7 {
Hossa resigns} 1-0

[Event "ICS rated standard match"]
[Site "204.178.125.65"]
[Date "2000.05.26"]
[Round "?"]
[White "Hossa"]
[Black "QueenMaxima"]
[Result "1-0"]
[WhiteElo "2317"]
[BlackElo "2317"]
[PlyCount "145"]
[EventDate "2000.??.??"]

1. e4 c5 2. c3 Nf6 3. e5 Nd5 4. d4 cxd4 5. Nf3 e6 6. cxd4 b6 7. Nc3 Nxc3 8.
bxc3 Qc7 9. c4 Ba6 10. Bd2 Be7 11. d5 Qc5 12. d6 Bd8 13. Qa4 f6 14. Be3 Qc6 15.
Qb4 O-O 16. exf6 Bxf6 17. Rc1 Bb7 18. c5 bxc5 19. Qxc5 Qa4 20. Qb5 Qxb5 21.
Bxb5 Bxf3 22. gxf3 Be5 23. Ke2 Bxd6 24. Rcd1 Be5 25. Bxd7 Nxd7 26. Rxd7 Rfd8
27. Rhd1 Rxd7 28. Rxd7 a5 29. f4 Bf6 30. a4 Rd8 31. Rxd8+ Bxd8 32. Kd3 g6 33.
Kc4 Kf7 34. Bd4 Bc7 35. Be5 Bb6 36. f3 Be3 37. Kb5 Bd2 38. Bc7 h6 39. Bxa5 Bxf4
40. h3 Be5 41. Bd2 h5 42. a5 Bd4 43. a6 g5 44. Bxg5 e5 45. Bd8 Ba7 46. Bb6 Bb8
47. Kc6 Ke7 48. Bc5+ Ke6 49. Kb7 Bd6 50. Bxd6 Kxd6 51. a7 e4 52. fxe4 Ke5 53.
Kc7 Kxe4 54. Kd6 h4 55. Kc6 Kf4 56. Kd5 Ke3 57. Ke5 Kd3 58. Kf4 Kc3 59. Ke4 Kc4
60. Ke3 Kb5 61. Kd4 Kc6 62. a8=R Kd6 63. Ra6+ Kd7 64. Rh6 Ke7 65. Kd5 Kf7 66.
Ke5 Kg7 67. Re6 Kf7 68. Kf5 Kg7 69. Re7+ Kf8 70. Kf6 Kg8 71. Re8+ Kh7 72. Rf8
Kh6 73. Rh8# 1-0

[Event "ICS rated blitz match"]
[Site "204.178.125.65"]
[Date "2000.05.26"]
[Round "?"]
[White "QueenMaxima"]
[Black "Hossa"]
[Result "1-0"]
[WhiteElo "2585"]
[BlackElo "2479"]
[PlyCount "106"]
[EventDate "2000.??.??"]

1. d4 Nf6 2. c4 e6 3. Nc3 Bb4 4. e3 O-O 5. Bd3 Nc6 6. Nf3 d6 7. O-O Bxc3 8.
bxc3 e5 9. Nd2 Kh8 10. Ba3 Re8 11. Qc2 Bd7 12. Rab1 Rb8 13. Rfe1 Qe7 14. f3 b6
15. Qc1 a6 16. Bc2 Ra8 17. Qd1 Rf8 18. d5 Na5 19. Qe2 Nb7 20. Qd1 Nc5 21. Kh1
Rab8 22. Bb4 g6 23. Ba3 Rg8 24. Nb3 Ba4 25. Nxc5 Bxc2 26. Qxc2 dxc5 27. e4 Ne8
28. Qd3 Nd6 29. Rb3 Qd7 30. Bc1 Qa4 31. Ra3 Qxc4 32. Qxc4 Nxc4 33. Ra4 Na5 34.
Be3 Nb7 35. f4 a5 36. fxe5 b5 37. Ra3 b4 38. Ra4 Kg7 39. Rc1 bxc3 40. Bg5 h5
41. Rxc3 Rge8 42. Bf6+ Kh6 43. Rac4 Kh7 44. Rb3 g5 45. Rc1 c4 46. Rb5 c3 47. h4
Rec8 48. Rxc3 a4 49. Rc1 Nd8 50. Rxc7 Kg8 51. Bxg5 a3 52. Rb6 Ra8 53. Rd7 Rc2
1-0

[Event "ICS Rated blitz match"]
[Site "204.178.125.65"]
[Date "2000.05.26"]
[Round "?"]
[White "Hossa"]
[Black "QueenMaxima"]
[Result "1-0"]
[WhiteElo "2468"]
[BlackElo "2596"]
[PlyCount "139"]
[EventDate "2000.??.??"]

1. e4 c5 2. c3 Nf6 3. e5 Nd5 4. d4 cxd4 5. Nf3 Nc6 6. Bc4 Nb6 7. Bb3 d5 8. cxd4
Bg4 9. Nc3 e6 10. Be3 f6 11. exf6 Qxf6 12. h3 Bxf3 13. Qxf3 Qxf3 14. gxf3 Bb4
15. a3 Be7 16. f4 O-O 17. Bc2 Bd6 18. f5 exf5 19. Bb3 f4 20. Nxd5 Kh8 21. Nxb6
axb6 22. Bd2 Nxd4 23. Bd1 Rae8+ 24. Kf1 f3 25. Be3 Be5 26. Rb1 Re6 27. h4 b5
28. Rh3 Rc6 29. h5 Rcf6 30. Rh4 Nf5 31. Rb4 Nxe3+ 32. fxe3 Rh6 33. Rh4 g5 34.
Re4 Bd6 35. Rd4 Bb8 36. Bb3 Rxh5 37. Rg4 Rh1+ 38. Rg1 Rf4 39. Rxh1 Rf8 40. Bc2
g4 41. Rxh7+ Kg8 42. Rxb7 g3 43. Rxb5 Bd6 44. b4 Be7 45. Rf5 Kg7 46. Rxf8 Kxf8
47. Rd1 Kf7 48. Be4 f2 49. Kg2 Bg5 50. Kxg3 Bxe3 51. Rf1 Ke7 52. Rxf2 Bxf2+ 53.
Kxf2 Kd7 54. Ke3 Kc7 55. Kd4 Kb6 56. b5 Kxb5 57. Bc2 Ka6 58. Kc5 Kb7 59. Kb5
Kc7 60. a4 Kd7 61. a5 Kc8 62. Kc6 Kd8 63. a6 Ke8 64. a7 Kf7 65. Kc7 Ke8 66.
a8=Q+ Kf7 67. Qd8 Kg7 68. Qe7+ Kh6 69. Qf6+ Kh5 70. Bd1# 1-0

[Event "ICS rated blitz match"]
[Site "204.178.125.65"]
[Date "2000.05.26"]
[Round "?"]
[White "QueenMaxima"]
[Black "Hossa"]
[Result "1-0"]
[WhiteElo "2574"]
[BlackElo "2490"]
[PlyCount "87"]
[EventDate "2000.??.??"]

1. d4 Nf6 2. c4 c5 3. d5 g6 4. Nc3 Bg7 5. Nf3 d6 6. e4 O-O 7. Be2 e6 8. O-O
exd5 9. cxd5 Re8 10. Nd2 Na6 11. f3 Nc7 12. a4 Nh5 13. Nc4 Bd4+ 14. Kh1 Qh4 15.
Qe1 Qf6 16. Bd3 Nf4 17. Bxf4 Qxf4 18. Ne2 Qf6 19. Qd2 Rd8 20. Rac1 b6 21. Bb1
Be5 22. f4 Bd4 23. b4 Ba6 24. b5 Bxb5 25. axb5 Nxb5 26. e5 dxe5 27. fxe5 Qg7
28. Nxd4 Nxd4 29. Rce1 Rxd5 30. Be4 Rdd8 31. Bxa8 Rxa8 32. Qa2 Qf8 33. e6 Nf5
34. Rxf5 gxf5 35. e7 Qb8 36. Qd2 f6 37. Nd6 Qxd6 38. Qxd6 Re8 39. Re3 f4 40.
Qxf4 h5 41. Qxf6 h4 42. Re5 Rxe7 43. Rxe7 b5 44. Qg7# 1-0

[Event "ICS rated bullet match"]
[Site "204.178.125.65"]
[Date "2000.05.26"]
[Round "?"]
[White "JSBach"]
[Black "Hossa"]
[Result "0-1"]
[WhiteElo "1997"]
[BlackElo "2287"]
[PlyCount "108"]
[EventDate "2000.??.??"]

1. e4 e5 2. Nf3 Nc6 3. Bc4 Bc5 4. O-O Nf6 5. Nc3 d6 6. Ng5 O-O 7. d3 Bg4 8. Qd2
h6 9. Bxf7+ Rxf7 10. Nxf7 Kxf7 11. Nb5 Kg8 12. Qc3 a6 13. Qc4+ Kf8 14. Nc3 Na5
15. Qa4 Bd7 16. Qxa5 b6 17. Qxc5 bxc5 18. f4 exf4 19. Bxf4 Rb8 20. Rab1 c4 21.
dxc4 Be6 22. b3 Qe7 23. Rbd1 Bf7 24. Rd4 Ra8 25. Rf2 g5 26. Bg3 Kg7 27. h4 Ng4
28. Rf5 gxh4 29. Be1 Ne3 30. Rf4 Qe5 31. Ne2 Nxc2 32. Rd1 Nxe1 33. Rxe1 Qb2 34.
Nc1 Qd2 35. Ref1 Bh5 36. Kh2 Bd1 37. Rf7+ Kg8 38. Rxc7 Qxc1 39. Rcf7 Qb2 40.
R7f6 Bc2 41. Rg6+ Kh7 42. Rff6 Bxe4 43. Rxh6+ Kg7 44. Kh3 Qxa2 45. Kxh4 Qxb3
46. Rxd6 Qxc4 47. Kg3 Qe2 48. Rh2 Rg8 49. Kf4 Rf8+ 50. Ke5 Bf3+ 51. Kd4 Rf4+
52. Kc3 Rc4+ 53. Kb3 Qc2+ 54. Ka3 Ra4# 0-1

[Event "ICS rated standard match"]
[Site "204.178.125.65"]
[Date "2000.05.26"]
[Round "?"]
[White "Hossa"]
[Black "PostModernist"]
[Result "0-1"]
[WhiteElo "2333"]
[BlackElo "2393"]
[PlyCount "114"]
[EventDate "2000.??.??"]

1. e4 c5 2. c3 e6 3. d4 d5 4. e5 Nc6 5. Nf3 Bd7 6. Be2 c4 7. b3 Na5 8. O-O Qc7
9. Na3 Bxa3 10. Bxa3 cxb3 11. axb3 Qxc3 12. Bd6 b5 13. Bc5 Ne7 14. Ra3 Nb7 15.
Bxe7 Kxe7 16. Bd3 Kf8 17. Qb1 Qb4 18. Qa1 a5 19. Rc1 Be8 20. Rc7 Nd8 21. Qb2
Nc6 22. Rb7 Rb8 23. Rxb8 Nxb8 24. Be2 Nc6 25. Ra2 h5 26. h3 a4 27. Qc1 Nxd4 28.
Nxd4 Qxd4 29. bxa4 bxa4 30. Rc2 Qxe5 31. Bd3 g5 32. Rc8 Kg7 33. Ra8 g4 34. Bc2
gxh3 35. gxh3 Rg8 36. Bd3 d4 37. Rc8 Kf6+ 38. Kf1 Qg5 39. Qb2 Qh4 40. Ke2 Rg2
41. Ke1 Bb5 42. Bxb5 Rg1+ 43. Ke2 Qe4+ 44. Kd2 Rb1 45. Qxb1 Qxb1 46. Bd3 Qb4+
47. Kd1 a3 48. Ra8 Qb2 49. h4 a2 50. Rxa2 Qxa2 51. Ke1 Qa1+ 52. Ke2 Ke5 53. Kd2
Kf4 54. Ke2 Qb2+ 55. Kd1 Kf3 56. Ba6 Kxf2 57. Bd3 Ke3 0-1

[Event "ICS rated bullet match"]
[Site "204.178.125.65"]
[Date "2000.05.26"]
[Round "?"]
[White "Hossa"]
[Black "JSBach"]
[Result "1-0"]
[WhiteElo "2292"]
[BlackElo "1986"]
[PlyCount "73"]
[EventDate "2000.??.??"]

1. e4 e5 2. Nf3 Nf6 3. Nc3 Bb4 4. Nxe5 d6 5. Nd3 Bxc3 6. dxc3 Nxe4 7. Be3 Qh4
8. Be2 Bf5 9. O-O Nc6 10. f3 Nf6 11. g3 Qh5 12. Nf4 Qh6 13. Nd5 Qh3 14. Nxc7+
Ke7 15. Nxa8 Rxa8 16. Re1 Ke8 17. Bxa7 Be6 18. Bf2 d5 19. Bf1 Qh6 20. Be3 Qg6
21. Bd3 Qh5 22. g4 Qh3 23. Bg5 Kf8 24. Bf1 h6 25. Bxf6 Qxf1+ 26. Kxf1 gxf6 27.
Qd3 Kg8 28. Rxe6 fxe6 29. Qg6+ Kh8 30. Qxh6+ Kg8 31. Qg6+ Kh8 32. Qxf6+ Kh7 33.
Qf7+ Kh6 34. h4 Rg8 35. Qxg8 e5 36. g5+ Kh5 37. Qh7# 1-0

[Event "ICS rated standard match"]
[Site "204.178.125.65"]
[Date "2000.05.26"]
[Round "?"]
[White "QueenMaxima"]
[Black "Hossa"]
[Result "1-0"]
[WhiteElo "2303"]
[BlackElo "2320"]
[PlyCount "145"]
[EventDate "2000.??.??"]

1. d4 Nf6 2. c4 e6 3. Nc3 Bb4 4. e3 b6 5. Bd3 Bb7 6. Nf3 Ne4 7. O-O Nxc3 8.
bxc3 Bxc3 9. Rb1 Nc6 10. Rb3 Ba5 11. Ba3 Ne7 12. Ng5 h6 13. Qh5 g6 14. Qh3 d6
15. Be4 d5 16. cxd5 exd5 17. Bd3 Bc8 18. Qh4 f6 19. Nf3 Nf5 20. Qg4 Kf7 21. Rc1
Bd7 22. Bxf5 Bxf5 23. Qg3 Rc8 24. Nh4 c6 25. Nxf5 gxf5 26. Qf4 Qd7 27. Rb2 a6
28. Rbc2 h5 29. h3 Rhd8 30. Qf3 Rh8 31. Kh2 Rh7 32. Kh1 h4 33. Qe2 Qb7 34. Qd3
Rh5 35. Qb3 Ke6 36. Qa4 Kd7 37. Bf8 Ke8 38. Bd6 Kd7 39. Bf4 Rh7 40. Qa3 Ke8 41.
Qd6 Qe7 42. Rxc6 Qxd6 43. Rxc8+ Qd8 44. Rxd8+ Kxd8 45. Rc6 Rf7 46. Rd6+ Ke7 47.
Rxd5 Rf8 48. Rxf5 Rc8 49. a3 Rc1+ 50. Kh2 Ra1 51. g4 hxg3+ 52. Bxg3 Ke6 53. e4
Rxa3 54. d5+ Ke7 55. Bh4 b5 56. e5 Ke8 57. Rxf6 Bc3 58. f4 Bd4 59. Re6+ Kf7 60.
Kg2 Bc3 61. Rc6 Ra2+ 62. Kf3 Bb4 63. e6+ Kg7 64. d6 Bxd6 65. Rxd6 Rh2 66. Rd7+
Kg6 67. e7 Kf7 68. Rd8 Rxh3+ 69. Ke4 Rxh4 70. e8=Q+ Kf6 71. Rd7 Rh7 72. Rxh7 b4
73. Qf7# 1-0

[Event "ICS rated standard match"]
[Site "204.178.125.65"]
[Date "2000.05.26"]
[Round "?"]
[White "Holy-Grail"]
[Black "Hossa"]
[Result "1-0"]
[WhiteElo "2218"]
[BlackElo "2303"]
[PlyCount "115"]
[EventDate "2000.??.??"]

1. e4 c5 2. Nc3 e6 3. g3 Nc6 4. Bg2 Be7 5. Nge2 Nf6 6. O-O d5 7. exd5 exd5 8.
d4 cxd4 9. Nxd4 O-O 10. Re1 Bg4 11. Qd3 Re8 12. h3 Bd7 13. a3 Qb6 14. Nb3 Be6
15. Be3 Qc7 16. Nc5 Bxc5 17. Bxc5 Ne5 18. Qb5 Bd7 19. Qb4 Nc6 20. Qh4 Bf5 21.
Qa4 Qd7 22. g4 b6 23. Be3 Be4 24. f3 Bg6 25. Bg5 Rxe1+ 26. Rxe1 d4 27. Bxf6
dxc3 28. Bxc3 Re8 29. Rxe8+ Qxe8 30. Kf2 a6 31. Qxa6 Qb8 32. Qb5 Na7 33. Qa4 f6
34. Bd4 Kh8 35. Qb4 Nc6 36. Qxb6 Qd6 37. c3 Kg8 38. b4 Qd5 39. Be3 Qa2+ 40. Kg3
Be8 41. f4 Qe6 42. b5 Nd8 43. Qxe6+ Nxe6 44. a4 Nc7 45. b6 Na6 46. a5 Bb5 47.
Bd5+ Kh8 48. c4 Ba4 49. Bb7 Nb4 50. Bc5 Nd3 51. Bd6 Nb2 52. Bd5 g5 53. b7 gxf4+
54. Bxf4 Kg7 55. b8=Q Be8 56. Qxe8 f5 57. Qf7+ Kh8 58. Qg8# {Hossa checkmated}
1-0

[Event "ICS rated standard match"]
[Site "204.178.125.65"]
[Date "2000.05.26"]
[Round "?"]
[White "Hossa"]
[Black "MM3Quick"]
[Result "1-0"]
[WhiteElo "2283"]
[BlackElo "2254"]
[PlyCount "81"]
[EventDate "2000.??.??"]

1. e4 c6 2. d4 d6 3. Nf3 Qc7 4. c4 e5 5. Nc3 Nf6 6. Bd3 Be7 7. Bg5 O-O 8. O-O
Bg4 9. Be2 Nbd7 10. Be3 Rfe8 11. d5 c5 12. Ng5 Bxe2 13. Qxe2 h6 14. Nf3 Nf8 15.
a3 a6 16. b3 Ng6 17. Ra2 Rab8 18. Qd3 Qd7 19. b4 b6 20. Rb2 Ng4 21. bxc5 bxc5
22. Qd2 Nxe3 23. fxe3 Nh4 24. Ne1 Bg5 25. Nd3 Rxb2 26. Nxb2 Qb7 27. g3 Ng6 28.
Rb1 Qb3 29. a4 Bd8 30. Nd3 Qa3 31. Qc2 Ba5 32. Na2 Nf8 33. Rb7 Ra8 34. Qf2 f6
35. Qc2 Kh7 36. Kh1 Kg8 37. g4 Kh8 38. Kg2 Kg8 39. Kg1 Nh7 40. Rb3 Qxa4 41.
Rb8+ {MM3Quick resigns} 1-0

[Event "ICS rated blitz match"]
[Site "204.178.125.65"]
[Date "2000.05.26"]
[Round "?"]
[White "Hossa"]
[Black "QueenMaxima"]
[Result "0-1"]
[WhiteElo "2478"]
[BlackElo "2603"]
[PlyCount "96"]
[EventDate "2000.??.??"]

1. e4 c5 2. Nc3 Nc6 3. g3 g6 4. Bg2 Bg7 5. f4 d6 6. d3 e6 7. Nge2 Nge7 8. Be3
Nd4 9. O-O O-O 10. a3 Bd7 11. e5 dxe5 12. fxe5 Bxe5 13. Bh6 Re8 14. Qc1 Bc6 15.
Bxc6 Ndxc6 16. Rf2 Nf5 17. Ra2 Nxh6 18. Qxh6 Bg7 19. Qf4 f5 20. Nb5 Qa5 21.
Nbc3 Nd4 22. Qc1 e5 23. Nd5 Qd8 24. c4 e4 25. dxe4 fxe4 26. Qf4 e3 27. Qf7+ Kh8
28. Rg2 b5 29. b3 Nxb3 30. cxb5 Rf8 31. Qe6 Rf6 32. Qe4 Nd2 33. Rxd2 exd2 34.
Qd3 Rd6 35. Nef4 g5 36. Rxd2 gxf4 37. Kf1 Qd7 38. b6 axb6 39. Qf3 Rd8 40. Nxb6
Qb5+ 41. Re2 Rd3 42. Qg4 f3 43. Qxg7+ Kxg7 44. Re7+ Kg8 45. Nc4 Qxc4 46. g4
Rd2+ 47. Kg1 Qc1+ 48. Re1 Qxe1# {Hossa checkmated} 0-1

[Event "ICS Rated standard match"]
[Site "204.178.125.65"]
[Date "2000.05.27"]
[Round "?"]
[White "QueenMaxima"]
[Black "Hossa"]
[Result "1-0"]
[WhiteElo "2319"]
[BlackElo "2303"]
[PlyCount "99"]
[EventDate "2000.??.??"]

1. e4 e5 2. Nf3 Nc6 3. Bb5 f5 4. Nc3 fxe4 5. Nxe4 Nf6 6. Qe2 Be7 7. Nxf6+ gxf6
8. d4 exd4 9. Bh6 Rg8 10. Nh4 Ne5 11. Qh5+ Nf7 12. Bc4 d5 13. Bxd5 Rg6 14. Nxg6
hxg6 15. Bxf7+ Kxf7 16. Qe2 Be6 17. O-O Qd5 18. Rfe1 Re8 19. Qd2 Qh5 20. Bf4 c5
21. a3 Bf8 22. Re2 Be7 23. b3 Bd7 24. Bg3 Bb5 25. Ree1 Qf5 26. Rad1 Bc6 27. f3
Bd7 28. c3 Be6 29. cxd4 cxd4 30. Bf2 Bxb3 31. Rb1 Bd5 32. Qxd4 a6 33. Rbd1 Bc6
34. Qb6 Kg7 35. Qc7 Kf8 36. Re3 Kf7 37. Kh1 Qc5 38. Rde1 g5 39. Bg3 f5 40. Re6
f4 41. Bf2 Qxa3 42. Qe5 Qd3 43. Rxe7+ Rxe7 44. Qxe7+ Kg8 45. Qxg5+ Kh8 46. Re7
Qd1+ 47. Bg1 Qa1 48. Qg6 Qxg1+ 49. Kxg1 Bxf3 50. Rh7# {Hossa checkmated} 1-0